Thunder-storm : (Record no. 98896)

MARC details
000 -LEADER
fixed length control field 00617nam a22001937a 4500
005 - DATE AND TIME OF LATEST TRANSACTION
control field 20160329162855.0
010 ## - LCCN (DPL NO)
LC control number ENG-114898
020 ## - INTERNATIONAL STANDARD BOOK NUMBER
International Standard Book Number 9789350097984
Terms of availability 350.00
035 ## - SYSTEM CONTROL NUMBER
System control number EN-98430
037 ## - SOURCE OF ACQUISITION
Source of stock number/acquisition DBAD/PUB
082 ## - DEWEY DECIMAL CLASSIFICATION NUMBER
Classification number S
100 ## - MAIN ENTRY--PERSONAL NAME
Personal name Sambharia, Ratan Kumar
245 ## - TITLE STATEMENT
Title Thunder-storm :
Remainder of title Dalit stories /
Statement of responsibility, etc by Ratan Kumar Sambharia ; translated by Mridul Bhasin
260 ## - PUBLICATION, DISTRIBUTION, ETC. (IMPRINT)
Place of publication, distribution, etc Gurgaon
Name of publisher, distributor, etc Hachette Book Publishing
Date of publication, distribution, etc 2015
270 ## - ADDRESS
Address 4th and 5th Floors, Corporate Centre, Plot No.-94,Sector-44,
City Gurgaon
Postal code 122003
300 ## - PHYSICAL DESCRIPTION
Extent xii,244p.
Other physical details 22cm(pbk)
700 ## - ADDED ENTRY--PERSONAL NAME
Personal name Bhasin,Mridul
942 ## - ADDED ENTRY ELEMENTS (KOHA)
Source of classification or shelving scheme Dewey Decimal Classification
Item type English Books
Call number suffix SAM
Classification part S
Holdings
Withdrawn status Lost status Not for loan Collection code Home library Current library Date acquired Source of acquisition Cost, normal purchase price Full call number Barcode Copy number Cost, replacement price Koha item type
    Not For Loan Fiction D.B.Act.Division Bawana 10/02/2016 DBAD/PUB. 350.00 S SAM EN-98430 1 350.00 English Books

© Delhi Public Library
Hit Counter
free hit counter